000 00670nam a2200289Ia 4500
005 20260324120447.0
008 008 260324s9999 xx 000 0 eng d
020 _a9781315568966
037 _aEBOOK
040 _aCRL
040 _beng
040 _cCRL
041 _2eng
041 _aeng
084 _qCRL
100 _aWilliam A. Dembski
_91158657
245 0 _aBeing as Communion
245 2 _bA Metaphysics of Information
260 _bTaylor and Francis
260 _c2015
365 _a
365 _b240
856 _uhttp://www.taylorfrancis.com/books/9781315568966
942 _cEBOOK
999 _c1750203
_d1750203